[Event "FRA T I 120102011"]
[Site "FRA"]
[Date "2010.11.13"]
[Round "2.5"]
[White "Stawiarski, Edmond"]
[Black "Netzer, Jean"]
[Result "0-1"]
[WhiteElo "2146"]
[BlackElo "2402"]
[PlyCount "126"]
[EventDate "2010.10.17"]
[EventType "team-match"]
[EventRounds "9"]
[EventCountry "FRA"]
[Source "FFE"]
[SourceDate "2010.10.29"]
[BlackTeamCountry "FRA"]

1. d4 f5 2. Bg5 g6 3. Nf3 Bg7 4. c4 d6 5. Nc3 h6 6. Bc1 Nf6 7. Qc2 O-O 8. e3
Nc6 9. d5 Nb4 10. Qd1 a5 11. Nd4 Na6 12. Be2 Nc5 13. b3 e5 14. dxe6 Nxe6 15.
Bb2 f4 16. Nxe6 Bxe6 17. exf4 Ne4 18. Qc1 Qf6 19. Nxe4 Qxb2 20. Qxb2 Bxb2 21.
Rb1 Ba3 22. O-O Rxf4 23. Bd3 Bb4 24. f3 Kg7 25. g3 Rf7 26. Kg2 Raf8 27. Rbd1
Bd7 28. Nd2 Re7 29. Ne4 Bc6 30. Ra1 Ba3 31. Rae1 Rfe8 32. Re2 a4 33. Rff2 Bb4
34. g4 Re5 35. Ng3 Re3 36. Rxe3 Rxe3 37. Bc2 Be1 38. Rf1 axb3 39. axb3 d5 40.
cxd5 Bxd5 41. Be4 Bxb3 42. Bxb7 Bc4 43. Rg1 c5 44. h4 Bd5 45. h5 c4 46. hxg6
Kxg6 47. Ba6 Kg5 48. Rh1 Kf4 49. Nh5+ Ke5 50. Ng3 Bxg3 51. Kxg3 Be4 52. Bxc4
Rxf3+ 53. Kh4 Rc3 54. Ra1 Rxc4 55. Ra6 Bf3 56. Rxh6 Rxg4+ 57. Kh3 Rg1 58. Ra6
Kf4 59. Rf6+ Ke3 60. Ra6 Kf2 61. Ra2+ Be2 62. Kh4 Rg4+ 63. Kh3 Rb4 {suite
illisible} 0-1

[Event "FRA T I 120102011"]
[Site "FRA"]
[Date "2010.11.13"]
[Round "2.4"]
[White "Perrin, Guillaume"]
[Black "Mandon, Fabrice"]
[Result "1-0"]
[WhiteElo "2353"]
[BlackElo "2196"]
[PlyCount "123"]
[EventDate "2010.10.17"]
[EventType "team-match"]
[EventRounds "9"]
[EventCountry "FRA"]
[Source "FFE"]
[SourceDate "2010.10.29"]
[BlackTeamCountry "FRA"]

1. e4 g6 2. d4 Bg7 3. Nc3 d6 4. f4 Nf6 5. Nf3 c5 6. d5 O-O 7. Bd3 Na6 8. O-O
Rb8 9. Qe2 Nc7 10. a4 Re8 11. Bc4 e6 12. dxe6 Bxe6 13. Bxe6 Rxe6 14. Qd3 c4 15.
Qxc4 Nxe4 16. Nxe4 d5 17. Nf6+ Bxf6 18. Qd3 Na6 19. f5 Re4 20. fxg6 hxg6 21.
Nd2 Qb6+ 22. Kh1 Nb4 23. Nxe4 Nxd3 24. Nxf6+ Kg7 25. cxd3 Qd4 26. Bg5 Rc8 27.
Nd7 Kg8 28. Bf6 Qxd3 29. Rad1 Qa6 30. Bd4 Rc2 31. Nf6+ Kf8 32. Nxd5 Qxa4 33.
Nf4 Qc6 34. Rf2 Rxf2 35. Bxf2 Qa4 36. Rf1 Kg7 37. Ne2 f5 38. Kg1 Kh7 39. Bd4 a5
40. Rc1 Qd7 41. Kf2 g5 42. h4 gxh4 43. Rh1 Kg6 44. Rxh4 Qc6 45. Nf4+ Kf7 46.
Rh7+ Ke8 47. Rh8+ Kd7 48. Rh7+ Ke8 49. Rh3 Qa4 50. Ne2 Kf7 51. Rf3 Kg6 52. Re3
Kf7 53. Re5 Qc2 54. Rc5 Qe4 55. Be3 Kg6 56. Nf4+ Kf7 57. Rb5 Ke7 58. Re5+ Qxe5
59. Ng6+ Ke6 60. Nxe5 Kxe5 61. Bb6 Ke4 62. Ke2 1-0

[Event "FRA T I 120102011"]
[Site "FRA"]
[Date "2010.12.11"]
[Round "4.7"]
[White "Gravez, Bruno"]
[Black "Silvert, Alexandre"]
[Result "0-1"]
[WhiteElo "1678"]
[BlackElo "1974"]
[PlyCount "122"]
[EventDate "2010.10.17"]
[EventType "team-match"]
[EventRounds "9"]
[EventCountry "FRA"]
[Source "FFE"]
[SourceDate "2010.10.29"]
[BlackTeamCountry "FRA"]

1. e4 e6 2. d4 d5 3. Nd2 Nf6 4. e5 Nfd7 5. Ngf3 c5 6. c3 Nc6 7. a3 Qb6 8. Qb3
Qa5 9. Qb5 Qc7 10. Be2 a6 11. Qd3 g6 12. O-O Bg7 13. Re1 O-O 14. Ng5 Re8 15.
Qh3 Nf8 16. Ngf3 cxd4 17. cxd4 f6 18. exf6 Bxf6 19. Nb3 Qb6 20. Bg5 Bg7 21. Bd1
e5 22. Qg3 e4 23. h4 Bf5 24. Nh2 Nxd4 25. Be3 Nfe6 26. f3 Qb5 27. a4 Qd7 28. a5
Qb5 29. Nxd4 Bxd4 30. Qf2 Bxe3 31. Rxe3 d4 32. Rb3 e3 33. Qe1 Qd5 34. g4 Nc5
35. Raa3 Bd7 36. Rd3 Nxd3 37. Rxd3 Kg7 38. Kf1 e2+ 39. Kg2 exd1=Q 40. Qxd1 Bc6
41. Rxd4 Qe5 42. Rd2 Qe1 43. Qc2 Rac8 44. Qc3+ Qe5 45. Qb4 Rcd8 46. Rf2 Qd4 47.
Qb3 Qd3 48. Qb6 Re2 49. Qc7+ Rd7 50. Qb8 Rxf2+ 51. Kxf2 Qd6 52. Qxd6 Rxd6 53.
Ke3 Rd1 54. g5 Rb1 55. f4 Rxb2 56. Ng4 Rb5 57. Kf2 Rxa5 58. h5 gxh5 59. Nh6 h4
60. f5 h3 61. f6+ Kf8 0-1

[Event "FRA T I 120102011"]
[Site "FRA"]
[Date "2010.11.14"]
[Round "3.5"]
[White "Laurent, Julien G"]
[Black "Dehesdin, Wilfried"]
[Result "1/2-1/2"]
[WhiteElo "2282"]
[BlackElo "2138"]
[PlyCount "118"]
[EventDate "2010.10.17"]
[EventType "team-match"]
[EventRounds "9"]
[EventCountry "FRA"]
[Source "FFE"]
[SourceDate "2010.10.29"]
[BlackTeamCountry "FRA"]

1. d4 d5 2. c4 e6 3. Nc3 c5 4. cxd5 cxd4 5. Qa4+ Bd7 6. Qxd4 exd5 7. Nf3 Nc6 8.
Qd1 Nf6 9. e3 Bc5 10. Be2 g5 11. a3 g4 12. Nd4 Rg8 13. b4 Bb6 14. Ncb5 Qe7 15.
Bb2 a6 16. Nxc6 bxc6 17. Bd4 Bxd4 18. Nxd4 Ne4 19. Bd3 c5 20. bxc5 Nxc5 21. Bf5
Bxf5 22. Nxf5 Qe5 23. Nd4 h5 24. Rc1 Ne4 25. Nc6 Qf6 26. O-O Rg5 27. Qd4 Rc8
28. Qxf6 Nxf6 29. Nd4 Kd7 30. Rxc8 Kxc8 31. Rb1 Nd7 32. Nc6 Kc7 33. Rc1 Kb6 34.
Nd8 Ne5 35. Rb1+ Ka7 36. Nb7 Nc4 37. a4 Rg8 38. Nc5 a5 39. Rb5 Ra8 40. Nb3 Rb8
41. Rxb8 Kxb8 42. h3 Kc7 43. Kh2 Kb6 44. Kg3 Nb2 45. Kh4 Nxa4 46. Kxh5 gxh3 47.
gxh3 Nc5 48. Nxa5 Kxa5 49. Kg4 Nd7 50. Kf5 Kb6 51. h4 Kc7 52. h5 Kd8 53. h6 Nf8
54. Kf6 Ke8 55. f4 Nh7+ 56. Kg7 f5 57. Kg6 Kf8 58. Kxf5 Kf7 59. Ke5 Nf6 1/2-1/2

[Event "FRA T I 120102011"]
[Site "FRA"]
[Date "2010.12.11"]
[Round "4.4"]
[White "Marechal, Andy"]
[Black "Vasilescu, Victor"]
[Result "1-0"]
[WhiteElo "2295"]
[BlackElo "2130"]
[PlyCount "115"]
[EventDate "2010.10.17"]
[EventType "team-match"]
[EventRounds "9"]
[EventCountry "FRA"]
[Source "FFE"]
[SourceDate "2010.10.29"]
[BlackTeamCountry "FRA"]

1. e4 c5 2. Nc3 Nc6 3. Bb5 Nd4 4. Bc4 e6 5. Nge2 Ne7 6. O-O Nec6 7. d3 Be7 8.
Nxd4 cxd4 9. Ne2 O-O 10. a3 a6 11. Ba2 b5 12. Ng3 Kh8 13. f4 f5 14. exf5 exf5
15. Bd2 g6 16. Qf3 Rb8 17. Rfe1 Bf6 18. Bd5 Ne7 19. Bb4 d6 20. Ba2 Bb7 21. Qf2
a5 22. Bd2 Qb6 23. c3 Nd5 24. Bxd5 Bxd5 25. Ne2 dxc3 26. Qxb6 Rxb6 27. Bxc3 b4
28. axb4 axb4 29. Bxf6+ Rxf6 30. Ra5 Bb7 31. Nd4 Rf7 32. Re8+ Kg7 33. Rb8 Ra6
34. Rb5 Ra1+ 35. Kf2 Ba6 36. Rd5 Rd1 37. Rxd6 Ra7 38. Ne6+ Kh6 39. Nc5 Bc4 40.
Rxb4 Re7 41. Rxc4 Rd2+ 42. Kf3 Ree2 43. b4 Rxg2 44. Ke3 Rxh2 45. b5 Rb2 46. b6
Rh1 47. b7 Kh5 48. Rd7 Re1+ 49. Kd4 Reb1 50. Rxh7+ Kg4 51. Kd5 Rb6 52. Rc7 R1b5
53. Ke5 Rb1 54. d4 Re1+ 55. Kd5 Reb1 56. Rc6 R1b5 57. Rxb6 Rxb6 58. Rc3 1-0

[Event "FRA T I 120102011"]
[Site "FRA"]
[Date "2010.11.13"]
[Round "2.4"]
[White "Moreno Gracia, Daniel"]
[Black "Therkildsen, Thomas"]
[Result "0-1"]
[WhiteElo "2283"]
[BlackElo "2289"]
[PlyCount "114"]
[EventDate "2010.10.17"]
[EventType "team-match"]
[EventRounds "9"]
[EventCountry "FRA"]
[Source "FFE"]
[SourceDate "2010.10.29"]
[BlackTeamCountry "FRA"]

1. c4 c5 2. Nf3 Nc6 3. Nc3 g6 4. d4 cxd4 5. Nxd4 Bg7 6. Nc2 d6 7. Bd2 a6 8. e4
f5 9. exf5 Bxf5 10. Ne3 Nh6 11. Nxf5 Nxf5 12. Bd3 O-O 13. O-O Rc8 14. Be4 e6
15. Rc1 Bd4 16. Kh1 Rf7 17. Qe2 Qf6 18. Bxc6 bxc6 19. Ne4 Qe5 20. f4 Qg7 21. g4
d5 22. Ng5 Nd6 23. Nxf7 Qxf7 24. cxd5 exd5 25. Qxa6 Qd7 26. Qd3 Bxb2 27. Rb1
Bg7 28. f5 Ne4 29. Be3 c5 30. Rbd1 Nc3 31. Rd2 c4 32. Qc2 d4 33. f6 Qc6+ 34.
Rg2 Bxf6 35. Bh6 Ne4 36. Qe2 d3 37. Qf3 g5 38. h4 gxh4 39. g5 Ng3+ 40. Rxg3
hxg3 41. gxf6 Kf7 42. Kg1 Qxf3 43. Rxf3 Ra8 44. Kg2 Rxa2+ 45. Kxg3 Ra6 46. Bg5
Rd6 47. Re3 Rxf6 48. Bxf6 d2 49. Bc3 d1=Q 50. Rf3+ Ke6 51. Re3+ Kd5 52. Re5+
Kc6 53. Re6+ Kb5 54. Re5+ Ka4 55. Re3 h5 56. Be1 Qg4+ 57. Kh2 Qf4+ 0-1

[Event "FRA T I 120102011"]
[Site "FRA"]
[Date "2010.12.11"]
[Round "4.3"]
[White "Rabeyrin, Jean Jacques"]
[Black "Therkildsen, Thomas"]
[Result "0-1"]
[WhiteElo "2230"]
[BlackElo "2289"]
[PlyCount "114"]
[EventDate "2010.10.17"]
[EventType "team-match"]
[EventRounds "9"]
[EventCountry "FRA"]
[Source "FFE"]
[SourceDate "2010.10.29"]
[BlackTeamCountry "FRA"]

1. e4 Nf6 2. e5 Nd5 3. d4 d6 4. Nf3 dxe5 5. Nxe5 c6 6. Bd3 Nd7 7. O-O Nxe5 8.
dxe5 Nb4 9. Be4 Qxd1 10. Rxd1 Be6 11. a3 Bd5 12. Bxd5 Nxd5 13. c4 Nb6 14. b3 e6
15. Bb2 a5 16. Nd2 Be7 17. Ne4 Nd7 18. b4 Nb6 19. c5 Nd5 20. Nc3 axb4 21. Nxd5
cxd5 22. axb4 Kd7 23. Rab1 Kc6 24. b5+ Kxb5 25. Bd4+ Kc6 26. Rb6+ Kc7 27. Rdb1
Rhb8 28. g3 Ra6 29. R6b5 Ra4 30. Bc3 Rc4 31. Ba5+ Kc8 32. Bb6 Ra8 33. R5b4 Rxb4
34. Rxb4 Kd7 35. Rg4 g5 36. h4 h5 37. Rb4 gxh4 38. Rf4 hxg3 39. Rxf7 Rf8 40.
Rh7 gxf2+ 41. Kf1 h4 42. c6+ Kxc6 43. Rxe7 Kxb6 44. Rxe6+ Kc5 45. Rh6 Rf4 46.
e6 Kd6 47. Rh7 Kxe6 48. Rxb7 d4 49. Rb4 h3 50. Rb6+ Kf5 51. Rh6 Kg4 52. Rg6+
Kh5 53. Rg8 Rh4 54. Rh8+ Kg4 55. Rg8+ Kf4 56. Rf8+ Kg3 57. Rf3+ Kg4 0-1

[Event "FRA T I 120102011"]
[Site "FRA"]
[Date "2010.11.13"]
[Round "2.4"]
[White "Pucher, Sebastien"]
[Black "Trannoy, Arthur"]
[Result "1-0"]
[WhiteElo "2236"]
[BlackElo "1899"]
[PlyCount "109"]
[EventDate "2010.10.17"]
[EventType "team-match"]
[EventRounds "9"]
[EventCountry "FRA"]
[Source "FFE"]
[SourceDate "2010.10.29"]
[BlackTeamCountry "FRA"]

1. e4 c5 2. Nf3 g6 3. Nc3 Bg7 4. d4 cxd4 5. Nxd4 Nc6 6. Nde2 Nf6 7. g3 O-O 8.
Bg2 d6 9. O-O Rb8 10. a4 a6 11. Nd5 Nxd5 12. exd5 Ne5 13. h3 b5 14. axb5 axb5
15. Ra2 Bb7 16. b3 Ra8 17. Rxa8 Qxa8 18. Bg5 Re8 19. Qd2 h6 20. Be3 Rc8 21. Rd1
Kh7 22. f4 Nd7 23. Qd3 Qa2 24. Rd2 Ba6 25. f5 b4 26. fxg6+ fxg6 27. Qe4 Qa1+
28. Kh2 Qe5 29. Nf4 Qxe4 30. Bxe4 Nf8 31. h4 Bc3 32. Rf2 Kg7 33. g4 Be5 34. Kg2
Bxf4 35. Rxf4 Nd7 36. Bd4+ Ne5 37. h5 g5 38. Rf5 Rf8 39. Bxe5+ dxe5 40. Rxe5
Rf4 41. Bf5 Kf8 42. Be6 Kg7 43. Bf5 Kf8 44. Re6 Bb7 45. Rxh6 Bxd5+ 46. Kg3 e5
47. Rd6 Rf3+ 48. Kh2 Rf2+ 49. Kg1 Rg2+ 50. Kf1 Bf3 51. h6 Rh2 52. h7 Ke7 53.
Rd7+ Ke8 54. Rg7 Bd5 55. Rg8+ 1-0

[Event "FRA T I 120102011"]
[Site "FRA"]
[Date "2010.11.13"]
[Round "2.6"]
[White "Carrillo, Jesus"]
[Black "Accettone, Gregory"]
[Result "1-0"]
[WhiteElo "2099"]
[BlackElo "1708"]
[PlyCount "107"]
[EventDate "2010.10.17"]
[EventType "team-match"]
[EventRounds "9"]
[EventCountry "FRA"]
[Source "FFE"]
[SourceDate "2010.10.29"]
[BlackTeamCountry "FRA"]

1. e4 e5 2. Bc4 Nc6 3. Nf3 Nf6 4. d3 Be7 5. O-O O-O 6. Re1 d6 7. c3 Na5 8. Bb5
c5 9. Nbd2 a6 10. Ba4 b5 11. Bc2 Nc6 12. a4 Bb7 13. Nf1 b4 14. Ne3 Bc8 15. h3
Rb8 16. Nd5 Nxd5 17. exd5 Na5 18. d4 bxc3 19. bxc3 exd4 20. cxd4 Bf6 21. Qd3 g6
22. Bh6 Bg7 23. Bxg7 c4 24. Qc3 Kxg7 25. Nd2 Bb7 26. Be4 Rc8 27. Rab1 Re8 28.
Bf3 Rxe1+ 29. Rxe1 Nb3 30. Nxb3 cxb3 31. Qxb3 Qa5 32. Re7 Rc1+ 33. Kh2 Rc7 34.
Rxc7 Qxc7 35. a5 Qc1 36. g3 Qc7 37. Qb4 Bc8 38. Bd1 Qd7 39. Kg1 Qc7 40. Bg4
Qc1+ 41. Kg2 Bxg4 42. hxg4 Qa1 43. Qb6 Qe1 44. Qxa6 Qe4+ 45. Kh2 Qxd4 46. Qb6
Qxg4 47. Qb2+ Kh6 48. Qd2+ Kg7 49. a6 Qa4 50. Qb2+ Kh6 51. Qb6 Qa2 52. Qe3+ Kg7
53. a7 f5 54. Kg2 1-0

[Event "FRA T I 120102011"]
[Site "FRA"]
[Date "2010.11.13"]
[Round "2.8"]
[White "Cochet, Caroline"]
[Black "Blanche, Paul"]
[Result "0-1"]
[WhiteElo "2028"]
[BlackElo "2096"]
[PlyCount "106"]
[EventDate "2010.10.17"]
[EventType "team-match"]
[EventRounds "9"]
[EventCountry "FRA"]
[Source "FFE"]
[SourceDate "2010.10.29"]
[BlackTeamCountry "FRA"]

1. e4 c5 2. Nf3 Nc6 3. Bb5 e6 4. O-O Nge7 5. Nc3 a6 6. Bxc6 Nxc6 7. d3 Be7 8.
e5 d6 9. exd6 Qxd6 10. Be3 O-O 11. Ne4 Qd5 12. Qe2 Nd4 13. Nxd4 cxd4 14. Bd2 b5
15. f4 Bb7 16. c3 Rad8 17. Rfd1 dxc3 18. Bxc3 b4 19. Be1 a5 20. Kh1 Rd7 21. b3
Rfd8 22. Rac1 Ba6 23. Nf2 Bc5 24. Qe4 f5 25. Qe5 Qxe5 26. fxe5 Bxf2 27. Bxf2
Bxd3 28. Bb6 Ra8 29. Rc5 a4 30. Ra5 Rb8 31. Ba7 Rbb7 32. Bc5 axb3 33. axb3 Be4
34. Rxd7 Rxd7 35. Bd6 Bd5 36. Bxb4 Bxb3 37. Bd6 Bd5 38. Kg1 Rb7 39. g3 Rb1+ 40.
Kf2 Rb2+ 41. Kf1 Rxh2 42. Ra3 Rb2 43. Rc3 Rb7 44. Rc8+ Kf7 45. Rc7+ Rxc7 46.
Bxc7 Kg6 47. Kf2 Kh5 48. Ba5 Kg4 49. Bd2 g5 50. Be3 h5 51. Bd2 h4 52. gxh4 Kxh4
53. Be1 Kg4 0-1

[Event "FRA T I 120102011"]
[Site "FRA"]
[Date "2010.11.14"]
[Round "3.7"]
[White "Hartmann, Dominique"]
[Black "Degand, Alain"]
[Result "1/2-1/2"]
[WhiteElo "2014"]
[BlackElo "1916"]
[PlyCount "106"]
[EventDate "2010.10.17"]
[EventType "team-match"]
[EventRounds "9"]
[EventCountry "FRA"]
[Source "FFE"]
[SourceDate "2010.10.29"]
[BlackTeamCountry "FRA"]

1. c4 e5 2. Nc3 f5 3. d4 d6 4. Nf3 e4 5. Ng5 h6 6. Nh3 Nf6 7. Nf4 Kf7 8. h4 g6
9. h5 g5 10. Ng6 Rg8 11. Nxf8 Rxf8 12. e3 Kg7 13. b3 Be6 14. Be2 d5 15. cxd5
Nxd5 16. Nxd5 Bxd5 17. Bc4 c6 18. Qe2 Qd6 19. a4 Qe6 20. Ba3 Rf7 21. Rc1 Nd7
22. Bxd5 Qxd5 23. Qc4 Nb6 24. Qb4 Qd7 25. Qd6 Qxd6 26. Bxd6 Nd5 27. b4 Rd8 28.
Be5+ Kg8 29. b5 cxb5 30. axb5 Nb4 31. O-O Nd3 32. Ra1 b6 33. Bh2 Rd5 34. Bb8
Rb7 35. Bxa7 Rdd7 36. Bxb6 Rxb6 37. Ra6 Rdb7 38. Rfa1 Nb4 39. Rxb6 Rxb6 40. Ra5
Nd5 41. Ra6 Rxb5 42. Rxh6 Rb6 43. Rxb6 Nxb6 44. f3 Kg7 45. Kf2 g4 46. fxg4 Kh6
47. gxf5 Kxh5 48. Kg3 Kg5 49. f6 Nd7 50. f7 Nf8 51. Kh3 Nd7 52. g4 Nf8 53. Kg3
Nd7 1/2-1/2

[Event "FRA T I 120102011"]
[Site "FRA"]
[Date "2010.12.11"]
[Round "4.3"]
[White "Bergez, Luc"]
[Black "Carlier, Bruno"]
[Result "1-0"]
[WhiteElo "2411"]
[BlackElo "2402"]
[PlyCount "103"]
[EventDate "2010.10.17"]
[EventType "team-match"]
[EventRounds "9"]
[EventCountry "FRA"]
[Source "FFE"]
[SourceDate "2010.10.29"]
[BlackTeamCountry "FRA"]

1. e4 d6 2. d4 Nf6 3. Nc3 e5 4. Nf3 Nbd7 5. g3 g6 6. Bg2 Bg7 7. O-O O-O 8. a4
a5 9. h3 Re8 10. Re1 c6 11. Be3 Qc7 12. Qd2 exd4 13. Nxd4 Nc5 14. Bh6 Be6 15.
Rad1 Rad8 16. Bg5 Qb6 17. Qe3 Qb4 18. Nde2 Bc8 19. Qf3 Ncd7 20. Qf4 Re5 21. Rd4
Qc5 22. h4 Rde8 23. Qd2 R5e6 24. Nf4 Ng4 25. Nxe6 Rxe6 26. Rd1 Bxd4 27. Qxd4
Qxd4 28. Rxd4 f5 29. Bd8 Ngf6 30. exf5 gxf5 31. Rd2 Re1+ 32. Bf1 d5 33. Rd1
Rxd1 34. Nxd1 b6 35. Ne3 Kf7 36. Nxf5 Ke8 37. Bc7 Nc5 38. Bxb6 Bxf5 39. Bxc5
Bxc2 40. Bb6 Bxa4 41. Bxa5 Bc2 42. f3 c5 43. Bb6 Nd7 44. Bb5 c4 45. Bc5 Kd8 46.
Bd6 Nb6 47. Kf2 Ba4 48. Bxa4 Nxa4 49. Be5 Nc5 50. Ke3 Nd3 51. Bc3 Kd7 52. g4
1-0

[Event "FRA T I 120102011"]
[Site "FRA"]
[Date "2010.11.14"]
[Round "3.8"]
[White "L'Huillier, Helene"]
[Black "Lefevre, Margaux"]
[Result "0-1"]
[WhiteElo "1931"]
[BlackElo "1975"]
[PlyCount "104"]
[EventDate "2010.10.17"]
[EventType "team-match"]
[EventRounds "9"]
[EventCountry "FRA"]
[Source "FFE"]
[SourceDate "2010.10.29"]
[BlackTeamCountry "FRA"]

1. d4 Nf6 2. Nf3 c5 3. d5 b5 4. c4 bxc4 5. Nc3 d6 6. Qa4+ Qd7 7. Qxc4 Ba6 8.
Qb3 g6 9. h3 Bg7 10. e4 Bxf1 11. Kxf1 O-O 12. Qc4 Qb7 13. Rb1 a5 14. b3 Nbd7
15. Bb2 Rfb8 16. Na4 Qa6 17. Qxa6 Rxa6 18. Nd2 Bh6 19. Nc4 Nxe4 20. Re1 f5 21.
g4 Kf7 22. Rg1 Raa8 23. Nc3 Nd2+ 24. Nxd2 Bxd2 25. Rd1 Bf4 26. gxf5 gxf5 27.
Ne2 Be5 28. Bxe5 Nxe5 29. f4 Ng6 30. Rg5 Rf8 31. Rxf5+ Kg7 32. Rg5 Kh6 33. Rg4
Rf5 34. Kg2 a4 35. Kf3 Ne5+ 36. Ke4 Nxg4 37. hxg4 Rf7 38. Rh1+ Kg7 39. g5 axb3
40. axb3 Rb8 41. Rb1 Rb4+ 42. Kd3 Rf5 43. Kc3 Rxd5 44. Rh1 Re4 45. Rh2 Re3+ 46.
Kc2 Rdd3 47. Nc1 Rc3+ 48. Kd2 Rh3 49. Re2 Kf7 50. Rf2 Rcf3 51. Ke2 Rxf2+ 52.
Kxf2 Rc3 0-1

[Event "FRA T I 120102011"]
[Site "FRA"]
[Date "2010.11.13"]
[Round "2.2"]
[White "Pinter, Jozsef"]
[Black "Andrieux, Pascal"]
[Result "1-0"]
[WhiteElo "2517"]
[BlackElo "2258"]
[PlyCount "101"]
[EventDate "2010.10.17"]
[EventType "team-match"]
[EventRounds "9"]
[EventCountry "FRA"]
[Source "FFE"]
[SourceDate "2010.10.29"]
[BlackTeamCountry "FRA"]

1. d4 Nf6 2. c4 e6 3. Nc3 d5 4. cxd5 exd5 5. Bg5 Nbd7 6. e3 Be7 7. Bd3 c6 8.
Qc2 O-O 9. Nf3 Re8 10. h3 Nf8 11. O-O Ne4 12. Bf4 Nxc3 13. bxc3 Bd6 14. Bxd6
Qxd6 15. Ne5 f6 16. Nf3 Be6 17. a4 Rac8 18. Qb2 Rc7 19. Rfc1 g5 20. Qc2 Rg7 21.
Nh2 h5 22. Nf1 h4 23. Nh2 Qd7 24. Qd1 f5 25. f4 g4 26. Kh1 Ree7 27. Qd2 Ref7
28. Ra2 Qe7 29. Rf1 gxh3 30. gxh3 Rg3 31. Rg1 Rfg7 32. Rxg3 Rxg3 33. Nf1 Rg6
34. Qe1 Bd7 35. Nh2 c5 36. Nf3 Rg3 37. Rg2 Rxg2 38. Kxg2 cxd4 39. cxd4 Ng6 40.
a5 Kg7 41. Kf2 Qa3 42. Qb1 Kf6 43. Be2 Bc6 44. Qg1 Bd7 45. Qg5+ Kf7 46. Qh6 Be8
47. Ng5+ Ke7 48. Qg7+ Kd6 49. Qf6+ Kc7 50. Ne6+ Kd7 51. Bb5+ 1-0

[Event "FRA T I 120102011"]
[Site "FRA"]
[Date "2010.12.11"]
[Round "4.8"]
[White "L'Huillier, Helene"]
[Black "Cochet, Caroline"]
[Result "1/2-1/2"]
[WhiteElo "1931"]
[BlackElo "2028"]
[PlyCount "99"]
[EventDate "2010.10.17"]
[EventType "team-match"]
[EventRounds "9"]
[EventCountry "FRA"]
[Source "FFE"]
[SourceDate "2010.10.29"]
[BlackTeamCountry "FRA"]

1. d4 d5 2. c4 e6 3. Nc3 Nf6 4. Nf3 Nbd7 5. e3 Bb4 6. a3 Bxc3+ 7. bxc3 c5 8.
Qc2 Qa5 9. Bd2 Ne4 10. cxd5 exd5 11. c4 Nxd2 12. Qxd2 Qxd2+ 13. Kxd2 cxd4 14.
Nxd4 dxc4 15. Bxc4 Ne5 16. Bb3 Bd7 17. Rac1 Nc6 18. Nb5 O-O 19. Nd6 Na5 20. Bd5
Rad8 21. Bxf7+ Rxf7 22. Nxf7 Kxf7 23. Rc7 Kf6 24. Ke2 Bb5+ 25. Kf3 Bc6+ 26. Kg3
Nc4 27. e4 Re8 28. Re1 Nxa3 29. e5+ Kg6 30. f4 Nb5 31. f5+ Kxf5 32. Rxg7 Rxe5
33. Rf1+ Ke6 34. Rxh7 Rg5+ 35. Kh4 Rxg2 36. Rh6+ Ke5 37. Rh5+ Kd4 38. h3 Nc3
39. Rg5 Rxg5 40. Kxg5 Ne4+ 41. Kf4 Kd5 42. h4 Ke6 43. Ra1 a6 44. h5 Kf7 45. Rg1
Nf6 46. h6 Ke6 47. Rg6 Kf7 48. Rg7+ Ke6 49. Rg6 Kf7 50. Rg7+ 1/2-1/2

[Event "FRA T I 120102011"]
[Site "FRA"]
[Date "2010.12.11"]
[Round "4.8"]
[White "Monpeurt, Cyrielle"]
[Black "Blanche, Paul"]
[Result "1-0"]
[WhiteElo "1946"]
[BlackElo "2096"]
[PlyCount "99"]
[EventDate "2010.10.17"]
[EventType "team-match"]
[EventRounds "9"]
[EventCountry "FRA"]
[Source "FFE"]
[SourceDate "2010.10.29"]
[BlackTeamCountry "FRA"]

1. e4 c5 2. Nf3 Nc6 3. d4 cxd4 4. Nxd4 g6 5. Nc3 Bg7 6. Be3 Nf6 7. Nxc6 bxc6 8.
e5 Ng8 9. f4 Nh6 10. Qd2 O-O 11. O-O-O Qa5 12. h4 Rb8 13. h5 d6 14. hxg6 fxg6
15. Bc4+ d5 16. Bb3 Bg4 17. Rdf1 Nf5 18. Bf2 e6 19. Na4 Qc7 20. Nc5 Qe7 21. Na6
Rb6 22. Bc5 Qb7 23. Nb4 Ng3 24. Nd3 Rf7 25. Qf2 Nxf1 26. Qh4 h5 27. Rxf1 Be2
28. Rh1 Rb5 29. Bd6 Bxd3 30. cxd3 Qc8 31. Qg5 Rbb7 32. Qxg6 Rxf4 33. Rxh5 Rf5
34. Rh3 Qd8 35. Qxe6+ Rbf7 36. Rg3 Rf1+ 37. Bd1 Qd7 38. Qg6 Qf5 39. Qxf5 R7xf5
40. e6 Re1 41. e7 Kf7 42. Kd2 Re6 43. Bc5 d4 44. Bg4 Rf2+ 45. Kd1 Rf1+ 46. Kc2
Re5 47. Bd6 Rf2+ 48. Kb3 Rb5+ 49. Kc4 Bf6 50. Be6+ 1-0

[Event "FRA T I 120102011"]
[Site "FRA"]
[Date "2010.12.11"]
[Round "4.7"]
[White "Vaugeois, Cyrille"]
[Black "Hamm, Patrick"]
[Result "0-1"]
[WhiteElo "2134"]
[BlackElo "2220"]
[PlyCount "98"]
[EventDate "2010.10.17"]
[EventType "team-match"]
[EventRounds "9"]
[EventCountry "FRA"]
[Source "FFE"]
[SourceDate "2010.10.29"]
[BlackTeamCountry "FRA"]

1. e4 c6 2. d4 d5 3. e5 Bf5 4. Nf3 e6 5. Be2 Nd7 6. O-O Ne7 7. Be3 Bg6 8. c3
Nf5 9. Nbd2 Be7 10. Re1 O-O 11. Bf1 b5 12. b4 a5 13. a3 a4 14. Bf4 Qc7 15. h3
Rae8 16. Bh2 Qd8 17. Ra2 f6 18. exf6 Bxf6 19. Ne5 Nxe5 20. Bxe5 Nd6 21. Bxd6
Qxd6 22. Nf3 e5 23. dxe5 Bxe5 24. Nxe5 Rxe5 25. Rxe5 Qxe5 26. Qd4 Qf5 27. Re2
Rf6 28. Qe5 Qc8 29. f3 h6 30. Kf2 Bf7 31. Qd4 Qf5 32. Qd2 Qh5 33. Re3 Rg6 34.
Qd4 Qg5 35. f4 Rf6 36. g3 Qf5 37. Kg2 Qc2+ 38. Re2 Qb3 39. Qe5 Bg6 40. g4 Be4+
41. Kg3 Qxa3 42. Qe8+ Kh7 43. Rxe4 dxe4 44. Qxe4+ Kg8 45. Qe8+ Rf8 46. Qxc6 Qc1
47. Bxb5 Qxf4+ 48. Kh4 Qf2+ 49. Kh5 Rf5+ 0-1

[Event "FRA T I 120102011"]
[Site "FRA"]
[Date "2010.12.11"]
[Round "4.2"]
[White "Winants, Luc"]
[Black "Moussard, Jules"]
[Result "1-0"]
[WhiteElo "2525"]
[BlackElo "2423"]
[PlyCount "95"]
[EventDate "2010.10.17"]
[EventType "team-match"]
[EventRounds "9"]
[EventCountry "FRA"]
[Source "FFE"]
[SourceDate "2010.10.29"]
[BlackTeamCountry "FRA"]

1. d4 g6 2. e4 d6 3. Bc4 Bg7 4. Qf3 e6 5. Ne2 c6 6. Bb3 a5 7. a4 Nd7 8. h4 Ngf6
9. g4 d5 10. exd5 exd5 11. Qe3+ Qe7 12. Qxe7+ Kxe7 13. f3 h5 14. g5 Ne8 15. c3
Nd6 16. Ng3 f5 17. Ne2 Re8 18. Kf2 Nb6 19. Nf4 Kf7 20. Bc2 Bd7 21. Nd2 Nbc4 22.
Nf1 b5 23. Nd3 Re7 24. Bf4 Rae8 25. Ng3 Nb7 26. Bb3 Rc8 27. Ne2 c5 28. dxc5
bxa4 29. Ba2 Nxc5 30. Bxc4 dxc4 31. Nxc5 Rxc5 32. Bd6 Rxe2+ 33. Kxe2 Rb5 34.
Ba3 Bc6 35. Rad1 Bf8 36. Bxf8 Rxb2+ 37. Ke3 Kxf8 38. Rd6 Be8 39. Ra6 Rc2 40.
Kd4 Rf2 41. Ra8 Re2 42. Rxa5 f4 43. Rb1 Bc6 44. Rb6 Bxf3 45. Rf6+ Ke7 46. Ra7+
Ke8 47. Rxf4 Rd2+ 48. Kc5 1-0

[Event "FRA T I 120102011"]
[Site "FRA"]
[Date "2010.11.13"]
[Round "2.6"]
[White "Tournier, Mathieu"]
[Black "De Bonnieres, Philippe"]
[Result "1-0"]
[WhiteElo "2240"]
[BlackElo "2205"]
[PlyCount "93"]
[EventDate "2010.10.17"]
[EventType "team-match"]
[EventRounds "9"]
[EventCountry "FRA"]
[Source "FFE"]
[SourceDate "2010.10.29"]
[BlackTeamCountry "FRA"]

1. e4 e5 2. Nf3 Nc6 3. Bc4 Nf6 4. d3 Be7 5. c3 d6 6. Nbd2 O-O 7. O-O Bg4 8. Re1
Na5 9. Bb5 a6 10. Ba4 b5 11. Bc2 c5 12. Nf1 Nc6 13. Ng3 d5 14. h3 Bxf3 15. Qxf3
dxe4 16. dxe4 g6 17. Bh6 Re8 18. Nf5 Bf8 19. Rad1 Qc7 20. Bg5 Re6 21. Ne3 Nd7
22. Rd2 Bg7 23. Red1 Nf8 24. Nd5 Qb7 25. Be3 Nd4 26. cxd4 cxd4 27. Bg5 h6 28.
Bf6 Bxf6 29. Nxf6+ Kg7 30. Nd5 Nd7 31. Bb3 Nc5 32. Rc1 Nxb3 33. Qxb3 Rc6 34.
Rxc6 Qxc6 35. Rc2 Qe6 36. Qg3 Rd8 37. b3 Rd7 38. Nb4 a5 39. Nd3 f6 40. Qf3 Re7
41. Qd1 Qd6 42. Qc1 a4 43. b4 h5 44. Rc6 Qd7 45. Qc5 f5 46. exf5 gxf5 47. Nxe5
1-0